[Event "La Pobla de Lillet op"]
[Site "La Pobla de Lillet ESP"]
[Date "2019.08.08"]
[Round "7.4"]
[White "Gamisans Cassi, M."]
[Black "Rossell Aran, J."]
[Result "1/2-1/2"]
[WhiteElo "1647"]
[BlackElo "1456"]
[PlyCount "30"]
[EventDate "2019.08.02"]
[EventType "swiss"]
[EventRounds "9"]
[EventCountry "ESP"]
[SourceTitle "Ajedrez en Madrid"]
[Source "lmi"]
[SourceDate "2020.06.24"]
[SourceVersion "1"]
[SourceVersionDate "2020.06.24"]
[SourceQuality "1"]

1. f4 g6 2. Nf3 Bg7 3. e3 Nf6 4. Be2 d5 5. O-O O-O 6. Nc3 Bf5 7. b3 Ne4 8. Bb2
Nc6 9. a3 d4 10. Nxe4 Bxe4 11. Ng5 Bd5 12. e4 d3 13. Bxg7 dxe2 14. Qxe2 Kxg7
15. exd5 Qxd5 1/2-1/2

[Event "La Pobla de Lillet op"]
[Site "La Pobla de Lillet ESP"]
[Date "2019.08.08"]
[Round "7.4"]
[White "Touzane, O."]
[Black "Barcelo Sola, D."]
[Result "1-0"]
[WhiteElo "2268"]
[BlackElo "2029"]
[PlyCount "71"]
[EventDate "2019.08.02"]
[EventType "swiss"]
[EventRounds "9"]
[EventCountry "ESP"]
[SourceTitle "Ajedrez en Madrid"]
[Source "lmi"]
[SourceDate "2020.06.24"]
[SourceVersion "1"]
[SourceVersionDate "2020.06.24"]
[SourceQuality "1"]

1. d4 d5 2. Bf4 Nf6 3. e3 e6 4. Nd2 c5 5. c3 Qb6 6. Qc2 Nc6 7. Ngf3 Bd7 8. Bd3
Rc8 9. Qb1 Nh5 10. Bg3 f5 11. a4 Be7 12. Be5 Nf6 13. h3 Nxe5 14. Nxe5 g6 15. g4
cxd4 16. exd4 Ne4 17. Ndf3 a6 18. gxf5 exf5 19. h4 Be6 20. Qa2 O-O 21. Rg1 Rf6
22. h5 Kg7 23. a5 Qc7 24. hxg6 hxg6 25. Nh4 Nxc3 26. bxc3 Qxc3+ 27. Ke2 Bf7 28.
Rac1 Qxd4 29. Nhf3 Qf4 30. Rxc8 Re6 31. Kf1 Bf6 32. Qd2 Bxe5 33. Qxf4 Bxf4 34.
Rb8 Rf6 35. Rxb7 g5 36. Nd4 1-0

[Event "La Pobla de Lillet op"]
[Site "La Pobla de Lillet ESP"]
[Date "2019.08.08"]
[Round "7.5"]
[White "Burset Camps, G."]
[Black "Casamitjana Nuñez, A."]
[Result "0-1"]
[WhiteElo "1585"]
[BlackElo "1788"]
[PlyCount "29"]
[EventDate "2019.08.02"]
[EventType "swiss"]
[EventRounds "9"]
[EventCountry "ESP"]
[SourceTitle "Ajedrez en Madrid"]
[Source "lmi"]
[SourceDate "2020.06.24"]
[SourceVersion "1"]
[SourceVersionDate "2020.06.24"]
[SourceQuality "1"]

1. d4 Nf6 2. Nf3 c5 3. e3 cxd4 4. exd4 d5 5. Be2 Nc6 6. O-O Bg4 7. b3 e6 8. h3
Bh5 9. Be3 Be7 10. a3 Bd6 11. Nbd2 O-O 12. c4 dxc4 13. Nxc4 Be7 14. b4 Bxf3 15.
Bxf3 0-1

[Event "La Pobla de Lillet op"]
[Site "La Pobla de Lillet ESP"]
[Date "2019.08.08"]
[Round "7.5"]
[White "Povill Claros, L."]
[Black "Perez Garcia, A."]
[Result "1/2-1/2"]
[WhiteElo "1678"]
[BlackElo "2196"]
[PlyCount "161"]
[EventDate "2019.08.02"]
[EventType "swiss"]
[EventRounds "9"]
[EventCountry "ESP"]
[SourceTitle "Ajedrez en Madrid"]
[Source "lmi"]
[SourceDate "2020.06.24"]
[SourceVersion "1"]
[SourceVersionDate "2020.06.24"]
[SourceQuality "1"]

1. e4 c6 2. d4 d5 3. exd5 cxd5 4. Bd3 Nc6 5. c3 Nf6 6. Bf4 g6 7. Nf3 Bg7 8. O-O
O-O 9. Nbd2 Nh5 10. Be3 Qd6 11. Rc1 Nf4 12. Bb1 Bg4 13. h3 Bd7 14. Nb3 Qf6 15.
Nc5 Bc8 16. Nh2 b6 17. Nd3 Nxd3 18. Bxd3 Bf5 19. Ng4 Qe6 20. Nh6+ Bxh6 21. Bxh6
Rfe8 22. Bb5 a6 23. Re1 Qd7 24. Bxc6 Qxc6 25. g4 Bd7 26. Bg5 Qd6 27. Qf3 f6 28.
Bf4 e5 29. dxe5 fxe5 30. Bg3 Re7 31. Rcd1 Bc6 32. Qe3 Rae8 33. Qxb6 d4 34. cxd4
Rb7 35. Qc5 Qxc5 36. dxc5 Rxb2 37. a3 e4 38. Rd6 Rc8 39. Be5 Rb3 40. Re3 Rb1+
41. Kg2 Rc1 42. Re6 Kf7 43. Rf6+ Ke7 44. g5 Bd5 45. Bd6+ Kd7 46. Rf8 Rxf8 47.
Bxf8 Kc6 48. Bd6 Bc4 49. f3 exf3+ 50. Kxf3 Rf1+ 51. Kg2 Rf5 52. h4 Bd5+ 53. Kg3
Rf1 54. Re7 Rf3+ 55. Kh2 Rxa3 56. Rxh7 Ra2+ 57. Kg3 a5 58. Rc7+ Kb5 59. Kf4 Rh2
60. Kg3 Re2 61. Rg7 Re3+ 62. Kf2 Re4 63. Rxg6 Rxh4 64. Be7 Bc6 65. Re6 Rg4 66.
Re1 a4 67. Rb1+ Kc4 68. Rb6 Kd5 69. Ra6 Re4 70. Bf6 Kxc5 71. Ra5+ Kb4 72. Ra7
Rg4 73. Ke3 a3 74. Be7+ Kc4 75. Bxa3 Rxg5 76. Be7 Rg7 77. Rc7 Kd5 78. Bd8 Rg8
79. Bh4 Kd6 80. Ra7 Ra8 81. Rxa8 1/2-1/2

[Event "La Pobla de Lillet op"]
[Site "La Pobla de Lillet ESP"]
[Date "2019.08.08"]
[Round "7.6"]
[White "Simon Padros, E."]
[Black "Picañol Alamany, A."]
[Result "1/2-1/2"]
[WhiteElo "2110"]
[BlackElo "2253"]
[PlyCount "98"]
[EventDate "2019.08.02"]
[EventType "swiss"]
[EventRounds "9"]
[EventCountry "ESP"]
[SourceTitle "Ajedrez en Madrid"]
[Source "lmi"]
[SourceDate "2020.06.24"]
[SourceVersion "1"]
[SourceVersionDate "2020.06.24"]
[SourceQuality "1"]

1. e4 e6 2. d4 d5 3. e5 c5 4. c3 Nc6 5. Nf3 Qb6 6. a3 c4 7. g3 Na5 8. Nbd2 Bd7
9. Bh3 h6 10. O-O g5 11. Qe2 O-O-O 12. Ne1 h5 13. Nc2 Kb8 14. Ne3 Be7 15. f4 h4
16. Bg2 hxg3 17. hxg3 gxf4 18. gxf4 Nh6 19. Rf3 Rhg8 20. Ndf1 Rg6 21. f5 Nxf5
22. Nxf5 exf5 23. Bf4 Be6 24. Rg3 Rdg8 25. Rxg6 fxg6 26. Ne3 Qc6 27. Rf1 g5 28.
Bh2 f4 29. Ng4 Bf5 30. Qf3 Be4 31. Qh3 Qc8 32. Bf3 Nb3 33. Qg2 Rh8 34. Rd1 Qf5
35. Nf2 Bxf3 36. Qxf3 Qh7 37. Ng4 Qc2 38. Re1 Rh4 39. e6 Qf5 40. Ne3 Qh7 41.
Nf1 Qf5 42. Re5 Qd3 43. Qxd5 Rg4+ 44. Kf2 Qc2+ 45. Re2 Qh7 46. Qe5+ Ka8 47. Ke1
Qb1+ 48. Kf2 Qh7 49. Ke1 Qb1+ 1/2-1/2

[Event "La Pobla de Lillet op"]
[Site "La Pobla de Lillet ESP"]
[Date "2019.08.08"]
[Round "7.6"]
[White "Taltavull Hidalgo, A."]
[Black "Franch Bessa, J."]
[Result "1-0"]
[WhiteElo "1648"]
[BlackElo "1590"]
[PlyCount "75"]
[EventDate "2019.08.02"]
[EventType "swiss"]
[EventRounds "9"]
[EventCountry "ESP"]
[SourceTitle "Ajedrez en Madrid"]
[Source "lmi"]
[SourceDate "2020.06.24"]
[SourceVersion "1"]
[SourceVersionDate "2020.06.24"]
[SourceQuality "1"]

1. e4 d5 2. exd5 Nf6 3. d4 Nxd5 4. c4 Nb6 5. b3 g6 6. Bb2 Bg7 7. Ne2 O-O 8. g3
Re8 9. Bg2 e5 10. d5 c6 11. Nbc3 cxd5 12. Nxd5 Nxd5 13. Bxd5 Nc6 14. O-O Bh3
15. Bg2 Bxg2 16. Kxg2 Qc7 17. Nc3 Rad8 18. Nd5 Qb8 19. Qc2 Ne7 20. Rad1 Nxd5
21. Rxd5 Rxd5 22. cxd5 Rc8 23. Qe2 Qd6 24. Rd1 f6 25. Qb5 b6 26. Qa4 Qb8 27.
Ba3 b5 28. Qa5 Qb7 29. Kg1 f5 30. d6 Qd7 31. Qd2 e4 32. Qd5+ Kh8 33. Rc1 Rxc1+
34. Bxc1 h5 35. Qc5 Bf8 36. Bf4 Kh7 37. Qc7 Qg7 38. Be5 1-0

[Event "La Pobla de Lillet op"]
[Site "La Pobla de Lillet ESP"]
[Date "2019.08.08"]
[Round "7.7"]
[White "Bravo Barranco, N."]
[Black "Cervello Tost, R."]
[Result "1-0"]
[WhiteElo "2246"]
[BlackElo "2041"]
[PlyCount "71"]
[EventDate "2019.08.02"]
[EventType "swiss"]
[EventRounds "9"]
[EventCountry "ESP"]
[SourceTitle "Ajedrez en Madrid"]
[Source "lmi"]
[SourceDate "2020.06.24"]
[SourceVersion "1"]
[SourceVersionDate "2020.06.24"]
[SourceQuality "1"]

1. e4 e5 2. Nf3 Nc6 3. Bb5 a6 4. Ba4 Nf6 5. d3 b5 6. Bb3 Be7 7. Nbd2 O-O 8. c3
d5 9. Qe2 Bg4 10. h3 Bh5 11. Nf1 Bxf3 12. Qxf3 dxe4 13. dxe4 Na5 14. Ng3 g6 15.
Bc2 c5 16. Bh6 Re8 17. Nf5 Nh5 18. O-O Bf8 19. Rad1 Qf6 20. Rd7 gxf5 21. Bxf8
Qg5 22. Bxc5 f4 23. Rfd1 Rac8 24. Be7 f6 25. Bd8 Nc4 26. Bb3 Ng7 27. Qg4 Qxg4
28. hxg4 Ne6 29. Bxf6 Nc5 30. Bxc4+ bxc4 31. g5 Nd3 32. Rg7+ Kf8 33. Rxh7 Rb8
34. b3 Nc5 35. f3 cxb3 36. axb3 1-0

[Event "La Pobla de Lillet op"]
[Site "La Pobla de Lillet ESP"]
[Date "2019.08.08"]
[Round "7.7"]
[White "Gomez Sanchez, J."]
[Black "Jucla Esteve, FX."]
[Result "1-0"]
[WhiteElo "1383"]
[BlackElo "1647"]
[PlyCount "47"]
[EventDate "2019.08.02"]
[EventType "swiss"]
[EventRounds "9"]
[EventCountry "ESP"]
[SourceTitle "Ajedrez en Madrid"]
[Source "lmi"]
[SourceDate "2020.06.24"]
[SourceVersion "1"]
[SourceVersionDate "2020.06.24"]
[SourceQuality "1"]

1. d4 Nf6 2. Nc3 d5 3. Bf4 g6 4. a3 Bg7 5. e3 O-O 6. Nb5 Na6 7. h3 c6 8. Nc3
Nd7 9. Bxa6 bxa6 10. Nf3 c5 11. Nxd5 e5 12. dxe5 Bb7 13. Bg5 f6 14. exf6 Nxf6
15. e4 Qa5+ 16. b4 cxb4 17. axb4 Qb5 18. Ra5 Qc4 19. Nd2 Qd4 20. c3 Qd3 21. Qe2
Qc2 22. O-O Nxe4 23. Qxe4 Bxd5 24. Qxc2 1-0

[Event "La Pobla de Lillet op"]
[Site "La Pobla de Lillet ESP"]
[Date "2019.08.08"]
[Round "7.8"]
[White "Ayza Ballester, J."]
[Black "Simon del Sol, J."]
[Result "1/2-1/2"]
[WhiteElo "2181"]
[BlackElo "2032"]
[PlyCount "76"]
[EventDate "2019.08.02"]
[EventType "swiss"]
[EventRounds "9"]
[EventCountry "ESP"]
[SourceTitle "Ajedrez en Madrid"]
[Source "lmi"]
[SourceDate "2020.06.24"]
[SourceVersion "1"]
[SourceVersionDate "2020.06.24"]
[SourceQuality "1"]

1. e4 g6 2. d4 Bg7 3. c3 d5 4. exd5 Qxd5 5. Nf3 Bg4 6. Be2 Nf6 7. h3 Bf5 8.
Nbd2 c6 9. O-O O-O 10. Nc4 Qd8 11. Nce5 Nfd7 12. Qb3 Nxe5 13. Nxe5 Qb6 14. Qa3
Nd7 15. Bf4 Nxe5 16. dxe5 Qc7 17. Qc5 b6 18. Qe3 Be6 19. Rfe1 Rad8 20. h4 Qc8
21. Bh6 Rd7 22. h5 Rfd8 23. Bxg7 Kxg7 24. Bf3 Rc7 25. Qg5 Bd5 26. Re3 Qf5 27.
Qg3 Bxf3 28. Rxf3 Qe6 29. Re1 Rcd7 30. Re4 Rd1+ 31. Kh2 Rf8 32. Rh4 Re1 33.
hxg6 hxg6 34. Re3 Rxe3 35. Qxe3 Rh8 36. Rxh8 Kxh8 37. a4 Qg4 38. b4 Qh5+
1/2-1/2

[Event "La Pobla de Lillet op"]
[Site "La Pobla de Lillet ESP"]
[Date "2019.08.07"]
[Round "7.8"]
[White "Bosch Ricart, J."]
[Black "Vegara Gallego, P."]
[Result "1/2-1/2"]
[WhiteElo "1572"]
[BlackElo "1638"]
[PlyCount "46"]
[EventDate "2019.08.02"]
[EventType "swiss"]
[EventRounds "9"]
[EventCountry "ESP"]
[SourceTitle "Ajedrez en Madrid"]
[Source "lmi"]
[SourceDate "2020.06.24"]
[SourceVersion "1"]
[SourceVersionDate "2020.06.24"]
[SourceQuality "1"]

1. d4 d5 2. c4 c6 3. e3 Bf5 4. Nf3 Nf6 5. Nc3 e6 6. Bd3 Bxd3 7. Qxd3 h6 8. O-O
Nbd7 9. Rb1 a5 10. b3 g5 11. e4 Nxe4 12. Nxe4 dxe4 13. Qxe4 Nf6 14. Qe2 Bg7 15.
Bb2 O-O 16. h3 Qc7 17. g4 Rad8 18. Rbd1 Rfe8 19. Rfe1 Nd7 20. Qc2 Nf8 21. Qc1
Nh7 22. Kg2 f5 23. Ne5 fxg4 1/2-1/2

[Event "La Pobla de Lillet op"]
[Site "La Pobla de Lillet ESP"]
[Date "2019.08.08"]
[Round "7.9"]
[White "Molina Mañas, M."]
[Black "Reyes Guillermo, C."]
[Result "1/2-1/2"]
[WhiteElo "1613"]
[BlackElo "1700"]
[PlyCount "44"]
[EventDate "2019.08.02"]
[EventType "swiss"]
[EventRounds "9"]
[EventCountry "ESP"]
[SourceTitle "Ajedrez en Madrid"]
[Source "lmi"]
[SourceDate "2020.06.24"]
[SourceVersion "1"]
[SourceVersionDate "2020.06.24"]
[SourceQuality "1"]

1. a3 Nf6 2. d4 d5 3. Nf3 c6 4. e3 Bg4 5. Be2 Nbd7 6. O-O e6 7. Nbd2 Bd6 8. c4
dxc4 9. Nxc4 Bc7 10. Nce5 Bxf3 11. Nxf3 O-O 12. b4 Qe7 13. Bb2 Rfd8 14. Qc2 e5
15. dxe5 Nxe5 16. Nxe5 Bxe5 17. Bf3 Bxb2 18. Qxb2 Rd6 19. Rad1 Rad8 20. Qc2 Qe5
21. h3 g6 22. Rxd6 Rxd6 1/2-1/2

[Event "La Pobla de Lillet op"]
[Site "La Pobla de Lillet ESP"]
[Date "2019.08.08"]
[Round "7.9"]
[White "Viñals Rioja, J."]
[Black "Corrigüelas Armillas, F."]
[Result "1/2-1/2"]
[WhiteElo "2051"]
[BlackElo "1913"]
[PlyCount "46"]
[EventDate "2019.08.02"]
[EventType "swiss"]
[EventRounds "9"]
[EventCountry "ESP"]
[SourceTitle "Ajedrez en Madrid"]
[Source "lmi"]
[SourceDate "2020.06.24"]
[SourceVersion "1"]
[SourceVersionDate "2020.06.24"]
[SourceQuality "1"]

1. e4 c5 2. Nc3 e6 3. f4 d5 4. Nf3 Nf6 5. e5 Nfd7 6. g3 Nc6 7. Bg2 Be7 8. d3
O-O 9. O-O f6 10. exf6 Nxf6 11. Qe2 Bd6 12. b3 Qe7 13. Bb2 Bd7 14. Rae1 Rae8
15. Qd2 Qd8 16. Re2 a6 17. Qe1 Qc7 18. h3 b5 19. Nd1 d4 20. Ne5 Bxe5 21. fxe5
Nd5 22. Bc1 Rxf1+ 23. Bxf1 Rf8 1/2-1/2

[Event "La Pobla de Lillet op"]
[Site "La Pobla de Lillet ESP"]
[Date "2019.08.08"]
[Round "7.10"]
[White "Blasco Cusido, F."]
[Black "Pastor Alonso de Prado, A."]
[Result "1-0"]
[WhiteElo "1928"]
[BlackElo "2032"]
[PlyCount "23"]
[EventDate "2019.08.02"]
[EventType "swiss"]
[EventRounds "9"]
[EventCountry "ESP"]
[SourceTitle "Ajedrez en Madrid"]
[Source "lmi"]
[SourceDate "2020.06.24"]
[SourceVersion "1"]
[SourceVersionDate "2020.06.24"]
[SourceQuality "1"]

1. e4 d6 2. d4 Nf6 3. Nc3 g6 4. Bg5 Nbd7 5. Qd2 c6 6. O-O-O b5 7. e5 b4 8. exf6
bxc3 9. Qxc3 Qb6 10. fxe7 Bg7 11. Nf3 Nf6 12. d5 1-0

[Event "La Pobla de Lillet op"]
[Site "La Pobla de Lillet ESP"]
[Date "2019.08.08"]
[Round "7.13"]
[White "Garcia Galeote, L."]
[Black "Tejero Royo, F."]
[Result "1/2-1/2"]
[WhiteElo "1849"]
[BlackElo "1944"]
[PlyCount "106"]
[EventDate "2019.08.02"]
[EventType "swiss"]
[EventRounds "9"]
[EventCountry "ESP"]
[SourceTitle "Ajedrez en Madrid"]
[Source "lmi"]
[SourceDate "2020.06.24"]
[SourceVersion "1"]
[SourceVersionDate "2020.06.24"]
[SourceQuality "1"]

1. d4 d5 2. Nf3 e6 3. e3 f5 4. g3 Nf6 5. Bg2 Nbd7 6. O-O Bd6 7. b3 Qe7 8. a4 c6
9. Ba3 Ne4 10. Bxd6 Qxd6 11. Nfd2 O-O 12. f4 b6 13. Bxe4 fxe4 14. c4 c5 15. Nc3
cxd4 16. Nb5 Qe7 17. exd4 Nf6 18. Re1 Bd7 19. Nc3 Be8 20. f5 exf5 21. Nxd5 Nxd5
22. cxd5 Qd6 23. Nc4 Qxd5 24. Ne3 Qd7 25. d5 Bf7 26. Qd4 Rfd8 27. Rad1 Rac8 28.
Rd2 g6 29. Red1 h5 30. Qa1 Qd6 31. Qd4 Qc5 32. Kf2 Qxd4 33. Rxd4 Rc3 34. b4 Ra3
35. b5 Ra2+ 36. Kg1 Kf8 37. Rc1 Ke7 38. Rc6 Re2 39. d6+ Ke8 40. Nd5 Bxd5 41.
Rxd5 e3 42. Re5+ Kf7 43. Kf1 Rxh2 44. Rxe3 Rd2 45. Re7+ Kf6 46. Rxa7 R8xd6 47.
Rb7 Kg5 48. Rbxb6 Rd1+ 49. Ke2 R6d2+ 50. Ke3 Rd3+ 51. Ke2 R1d2+ 52. Ke1 Kg4 53.
Rc3 Rd1+ 1/2-1/2

[Event "La Pobla de Lillet op"]
[Site "La Pobla de Lillet ESP"]
[Date "2019.08.09"]
[Round "8.1"]
[White "Perez Garcia, A."]
[Black "Movsziszian, K."]
[Result "1/2-1/2"]
[WhiteElo "2196"]
[BlackElo "2472"]
[PlyCount "38"]
[EventDate "2019.08.02"]
[EventType "swiss"]
[EventRounds "9"]
[EventCountry "ESP"]
[SourceTitle "Ajedrez en Madrid"]
[Source "lmi"]
[SourceDate "2020.06.24"]
[SourceVersion "1"]
[SourceVersionDate "2020.06.24"]
[SourceQuality "1"]

1. c3 Nf6 2. d4 g6 3. Nf3 Bg7 4. Bf4 O-O 5. e3 d6 6. Be2 Nh5 7. Bg5 h6 8. Bh4
f5 9. Na3 c6 10. O-O g5 11. Nd2 Nf6 12. Bg3 Qe8 13. Nac4 b5 14. Na5 e5 15. f3
exd4 16. exd4 f4 17. Bf2 Bf5 18. Re1 Qg6 19. a4 Bc2 1/2-1/2

[Event "La Pobla de Lillet op"]
[Site "La Pobla de Lillet ESP"]
[Date "2019.08.09"]
[Round "8.1"]
[White "Pla Carulla, J."]
[Black "Puig Carres, J."]
[Result "1-0"]
[WhiteElo "1796"]
[BlackElo "1673"]
[PlyCount "53"]
[EventDate "2019.08.02"]
[EventType "swiss"]
[EventRounds "9"]
[EventCountry "ESP"]
[SourceTitle "Ajedrez en Madrid"]
[Source "lmi"]
[SourceDate "2020.06.24"]
[SourceVersion "1"]
[SourceVersionDate "2020.06.24"]
[SourceQuality "1"]

1. d4 d5 2. Bf4 Nf6 3. e3 Bg4 4. Nf3 e6 5. h3 Bh5 6. Be2 Bb4+ 7. c3 Be7 8. Qb3
Qc8 9. O-O O-O 10. Nbd2 Nc6 11. Bd3 b6 12. Rac1 Na5 13. Qa4 Qe8 14. Qxe8 Nxe8
15. Ne5 Nd6 16. b4 Nab7 17. Nc6 Rae8 18. c4 dxc4 19. Nxc4 Nxc4 20. Nxe7+ Rxe7
21. Rxc4 Nd6 22. Rc6 Rd8 23. Rfc1 Ne8 24. Bxc7 Nxc7 25. Rxc7 Kf8 26. Bb5 Rxc7
27. Rxc7 1-0

[Event "La Pobla de Lillet op"]
[Site "La Pobla de Lillet ESP"]
[Date "2019.08.09"]
[Round "8.2"]
[White "Marin Aso, JL."]
[Black "Gomez Sanchez, J."]
[Result "1-0"]
[WhiteElo "1908"]
[BlackElo "1383"]
[PlyCount "63"]
[EventDate "2019.08.02"]
[EventType "swiss"]
[EventRounds "9"]
[EventCountry "ESP"]
[SourceTitle "Ajedrez en Madrid"]
[Source "lmi"]
[SourceDate "2020.06.24"]
[SourceVersion "1"]
[SourceVersionDate "2020.06.24"]
[SourceQuality "1"]

1. c4 c5 2. Nc3 Nc6 3. g3 e5 4. Bg2 g6 5. a3 a5 6. d3 Bg7 7. e3 Nge7 8. Nge2
O-O 9. O-O f5 10. Nd5 Re8 11. Nec3 Kh8 12. Rb1 Rb8 13. Bd2 d6 14. Nxe7 Nxe7 15.
b4 Nc6 16. bxc5 Be6 17. cxd6 Qxd6 18. Bc1 Red8 19. Bd5 e4 20. d4 Bxd5 21. cxd5
Ne7 22. Rb5 Rdc8 23. Qb3 Rc7 24. Rxa5 Rbc8 25. Bd2 g5 26. Rb5 f4 27. exf4 Bxd4
28. Nxe4 Qg6 29. Nxg5 h6 30. Ne6 Rc3 31. Bxc3 Rxc3 32. Nxd4 1-0

[Event "La Pobla de Lillet op"]
[Site "La Pobla de Lillet ESP"]
[Date "2019.08.09"]
[Round "8.2"]
[White "Povill Claros, X."]
[Black "Cervello Tost, F."]
[Result "0-1"]
[WhiteElo "2276"]
[BlackElo "2367"]
[PlyCount "46"]
[EventDate "2019.08.02"]
[EventType "swiss"]
[EventRounds "9"]
[EventCountry "ESP"]
[SourceTitle "Ajedrez en Madrid"]
[Source "lmi"]
[SourceDate "2020.06.24"]
[SourceVersion "1"]
[SourceVersionDate "2020.06.24"]
[SourceQuality "1"]

1. e4 e5 2. Nf3 d5 3. exd5 e4 4. Qe2 Nf6 5. d3 Qxd5 6. Nbd2 Nc6 7. Nxe4 Be6 8.
Nc3 Bb4 9. Bd2 Qa5 10. Qd1 O-O-O 11. Be2 Rhe8 12. O-O Bg4 13. a3 Bd6 14. Ne4
Qh5 15. Nxd6+ Rxd6 16. h3 Rxe2 17. hxg4 Nxg4 18. Bf4 Nd4 19. Ng5 Rf6 20. Nh3
Rxf4 21. Re1 Rfxf2 22. Rxe2 Nxe2+ 23. Kh1 Qxh3+ 0-1

[Event "La Pobla de Lillet op"]
[Site "La Pobla de Lillet ESP"]
[Date "2019.08.09"]
[Round "8.3"]
[White "Gomez Jurado, LA."]
[Black "Touzane, O."]
[Result "1/2-1/2"]
[WhiteElo "2293"]
[BlackElo "2268"]
[PlyCount "32"]
[EventDate "2019.08.02"]
[EventType "swiss"]
[EventRounds "9"]
[EventCountry "ESP"]
[SourceTitle "Ajedrez en Madrid"]
[Source "lmi"]
[SourceDate "2020.06.24"]
[SourceVersion "1"]
[SourceVersionDate "2020.06.24"]
[SourceQuality "1"]

1. Nf3 g6 2. c4 Bg7 3. g3 c5 4. Bg2 Nc6 5. Nc3 Nf6 6. O-O O-O 7. d4 cxd4 8.
Nxd4 Qa5 9. Nb3 Qh5 10. e4 d6 11. Qxh5 Nxh5 12. Be3 a5 13. Na4 Be6 14. Rfc1 Ne5
15. Nd4 Ng4 16. Nxe6 fxe6 1/2-1/2

[Event "La Pobla de Lillet op"]
[Site "La Pobla de Lillet ESP"]
[Date "2019.08.09"]
[Round "8.3"]
[White "Rossell Aran, J."]
[Black "Soler Bel, J."]
[Result "0-1"]
[WhiteElo "1456"]
[BlackElo "1881"]
[PlyCount "70"]
[EventDate "2019.08.02"]
[EventType "swiss"]
[EventRounds "9"]
[EventCountry "ESP"]
[SourceTitle "Ajedrez en Madrid"]
[Source "lmi"]
[SourceDate "2020.06.24"]
[SourceVersion "1"]
[SourceVersionDate "2020.06.24"]
[SourceQuality "1"]

1. e4 e6 2. d4 d5 3. exd5 exd5 4. Nf3 Bd6 5. Bd3 Ne7 6. Nc3 O-O 7. O-O c6 8.
Ng5 Bf5 9. Bxf5 Nxf5 10. Qh5 h6 11. Nf3 Qf6 12. Be3 Nd7 13. Rad1 Rae8 14. Rfe1
Re6 15. Qg4 Rfe8 16. Bf4 Rxe1+ 17. Nxe1 Bxf4 18. Qxf4 Nxd4 19. Qg4 Qe6 20. Qxe6
Rxe6 21. Kf1 Nf5 22. Nf3 Nf6 23. h3 g5 24. g4 Nd6 25. Nd4 Re7 26. f3 c5 27. Nb3
Nc4 28. Kf2 d4 29. Na4 b6 30. Nc1 Ne3 31. Rd2 Nfd5 32. Nd3 Nf4 33. Nxf4 gxf4
34. c3 Rd7 35. b4 dxc3 0-1

[Event "La Pobla de Lillet op"]
[Site "La Pobla de Lillet ESP"]
[Date "2019.08.09"]
[Round "8.4"]
[White "Casamitjana Nuñez, A."]
[Black "Gamisans Cassi, M."]
[Result "0-1"]
[WhiteElo "1788"]
[BlackElo "1647"]
[PlyCount "48"]
[EventDate "2019.08.02"]
[EventType "swiss"]
[EventRounds "9"]
[EventCountry "ESP"]
[SourceTitle "Ajedrez en Madrid"]
[Source "lmi"]
[SourceDate "2020.06.24"]
[SourceVersion "1"]
[SourceVersionDate "2020.06.24"]
[SourceQuality "1"]

1. e4 e6 2. d4 d5 3. e5 c5 4. c3 Nc6 5. Nf3 Qb6 6. Bd3 cxd4 7. cxd4 Bd7 8. O-O
Nxd4 9. Nxd4 Qxd4 10. Nc3 a6 11. Re1 Rc8 12. Qf3 Ne7 13. Bf4 Nc6 14. a3 Na5 15.
Rad1 Qb6 16. Qe2 Bxa3 17. Nxd5 Qxb2 18. Qxb2 Bxb2 19. Nb6 Rd8 20. Bd2 Nc6 21.
Nc4 Bxe5 22. Nxe5 Nxe5 23. Rxe5 Ba4 24. Ba5 Bxd1 0-1

[Event "La Pobla de Lillet op"]
[Site "La Pobla de Lillet ESP"]
[Date "2019.08.09"]
[Round "8.4"]
[White "Povill Claros, L."]
[Black "Bravo Barranco, N."]
[Result "0-1"]
[WhiteElo "1678"]
[BlackElo "2246"]
[PlyCount "96"]
[EventDate "2019.08.02"]
[EventType "swiss"]
[EventRounds "9"]
[EventCountry "ESP"]
[SourceTitle "Ajedrez en Madrid"]
[Source "lmi"]
[SourceDate "2020.06.24"]
[SourceVersion "1"]
[SourceVersionDate "2020.06.24"]
[SourceQuality "1"]

1. e4 c6 2. d4 d5 3. exd5 cxd5 4. Bd3 Nc6 5. c3 g6 6. Bf4 Nh6 7. Nf3 Bg7 8. O-O
O-O 9. h3 f6 10. Re1 Nf7 11. Bc2 e5 12. dxe5 fxe5 13. Bg3 e4 14. Nfd2 Kh8 15.
Nb3 Nfe5 16. N1d2 a5 17. a4 Qb6 18. Qe2 Be6 19. Qb5 Qc7 20. Nc5 Bg8 21. Qe2
Rae8 22. Ncb3 Qc8 23. Qb5 Qc7 24. Qe2 b6 25. Rac1 Qd8 26. Red1 Qf6 27. Qb5 Ne7
28. Nd4 Nf5 29. Nxf5 gxf5 30. Bf4 Ng6 31. Bc7 Re6 32. Bh2 Rc6 33. Nb3 f4 34.
Nd4 Rc5 35. Qf1 Qg5 36. Bb1 Nh4 37. Kh1 Rc4 38. Ba2 Rcc8 39. Bb1 Rcd8 40. Nc6
Rd6 41. Nd4 Rg6 42. g3 fxg3 43. Bxg3 Be5 44. Ne2 Rgf6 45. Qg1 Be6 46. Qh2 Nf3
47. Qg2 Rh6 48. Bxe5+ Qxe5 0-1

[Event "La Pobla de Lillet op"]
[Site "La Pobla de Lillet ESP"]
[Date "2019.08.09"]
[Round "8.5"]
[White "Aballanet Beltran, E."]
[Black "Taltavull Hidalgo, A."]
[Result "0-1"]
[WhiteElo "1475"]
[BlackElo "1648"]
[PlyCount "38"]
[EventDate "2019.08.02"]
[EventType "swiss"]
[EventRounds "9"]
[EventCountry "ESP"]
[SourceTitle "Ajedrez en Madrid"]
[Source "lmi"]
[SourceDate "2020.06.24"]
[SourceVersion "1"]
[SourceVersionDate "2020.06.24"]
[SourceQuality "1"]

1. e4 g6 2. Nc3 Bg7 3. g3 e5 4. Bg2 Ne7 5. Nge2 O-O 6. O-O d6 7. d3 Nbc6 8. Bd2
f5 9. f4 Qe8 10. Qc1 Be6 11. Nd5 Nd4 12. Nxd4 Bxd5 13. Nxf5 gxf5 14. exd5 exf4
15. Bxf4 Qb5 16. Bh6 Bxb2 17. Qg5+ Ng6 18. Rae1 Bf6 19. Qxf5 Bd4+ 0-1